[Event "Druga Liga Centralne Srbije - Istok"]
[Site "?"]
[Date "2010.09.12"]
[Round "1"]
[White "Stankovic, Ivan G"]
[Black "Milovanovic, Srboljub"]
[Result "1-0"]
[WhiteElo "2179"]
[BlackElo "2162"]
[PlyCount "145"]
[EventDate "2010.10.01"]
[SourceDate "2010.10.01"]

1. e4 c5 2. c4 Nc6 3. Nc3 g6 4. g3 Bg7 5. Bg2 d6 6. Nge2 e6 7. d3 Nge7 8. Be3
Nd4 9. Rb1 Nxe2 10. Qxe2 O-O 11. O-O a6 12. Qd2 Nc6 13. a3 Qa5 14. Rfd1 Rb8 15.
Ne2 Qxd2 16. Rxd2 b5 17. cxb5 axb5 18. b4 Nd4 19. bxc5 dxc5 20. Bxd4 cxd4 21.
Rb4 Ra8 22. Nxd4 Rxa3 23. Nxb5 Ra1+ 24. Bf1 Ba6 25. Rb3 Rb8 26. Nd4 Rd8 27. Nc2
Ra2 28. Ra3 Rb2 29. Rxa6 Rc8 30. d4 h5 31. Bd3 Bxd4 32. Re2 Bf6 33. e5 Be7 34.
Nd4 Rb7 35. Be4 Rd7 36. Nb5 Rc5 37. Bc6 Rd1+ 38. Kg2 Rdc1 39. Ra7 Kf8 40. Ra8+
Kg7 41. Ra7 Kf8 42. Bd7 Rd1 43. Nd6 Bxd6 44. exd6 Rxd6 45. Rb2 e5 46. Ba4 Rf6
47. Rc2 Rd5 48. Bb3 Rd3 49. Ba2 e4 50. Rc8+ Kg7 51. Rc2 e3 52. f4 h4 53. Re7
hxg3 54. hxg3 Kf8 55. Re4 Ra6 56. Re2 Rd2 57. Bc4 Rxe2+ 58. Bxe2 Ra3 59. Kf3
Kg7 60. Rxe3 Ra7 61. Rb3 Kf6 62. g4 Rc7 63. Bd3 Kg7 64. Be4 Rc5 65. g5 Ra5 66.
Rb7 Kf8 67. Bc2 Ra6 68. Bb3 f5 69. Rf7+ Ke8 70. Ke3 Rb6 71. Bc4 Rb4 72. Rc7 Kf8
73. Kd4 1-0

[Event "Druga Liga Centralne Srbije - Istok"]
[Site "?"]
[Date "2010.09.12"]
[Round "1"]
[White "Petrovic, Dragan R"]
[Black "Zivkovic, Nemanja"]
[Result "0-1"]
[WhiteElo "2184"]
[BlackElo "2107"]
[PlyCount "76"]
[EventDate "2010.10.01"]
[SourceDate "2010.10.01"]

1. d4 d5 2. Nf3 Nf6 3. e3 c5 4. Be2 Bg4 5. O-O e6 6. Nbd2 Nc6 7. b3 cxd4 8.
exd4 Bb4 9. Bb2 O-O 10. a3 Bd6 11. Ne5 Bxe2 12. Qxe2 Qb6 13. Qd3 Bxe5 14. dxe5
Nd7 15. Rfe1 Rac8 16. Re3 Nc5 17. Qe2 Na4 18. Rb1 Nxb2 19. Rxb2 Nd4 20. Qd3 Nf5
21. Rh3 Qc7 22. f4 Qc5+ 23. Kh1 Qxa3 24. Rb1 Qb4 25. g4 Nh6 26. Rf1 Qc5 27. c3
Rfd8 28. f5 d4 29. c4 Qc6+ 30. Kg1 exf5 31. gxf5 Re8 32. Nf3 Qd7 33. Rh5 Rc5
34. h3 f6 35. e6 Qd6 36. Kg2 Rxe6 37. b4 Rce5 38. Nxe5 Rxe5 {nema vise poteza} 0-1

[Event "Druga Liga Centralne Srbije - Istok"]
[Site "?"]
[Date "2010.09.12"]
[Round "1"]
[White "Trickovic, Vladimir"]
[Black "Arandjelovic, Aleksandar Z"]
[Result "1-0"]
[WhiteElo "2080"]
[BlackElo "2100"]
[PlyCount "105"]
[EventDate "2010.10.01"]
[SourceDate "2010.10.01"]

1. d4 f5 2. Bf4 Nf6 3. e3 d5 4. Bd3 g6 5. Nf3 Bg7 6. Nbd2 O-O 7. Ne5 Nbd7 8.
Ndf3 Ne4 9. Nxd7 Bxd7 10. h4 Nf6 11. Ne5 Be8 12. Be2 h5 13. f3 Nd7 14. Nxd7
Bxd7 15. g4 Kh7 16. gxh5 gxh5 17. Bg5 c5 18. c3 cxd4 19. exd4 Qb6 20. Qb3 Qxb3
21. axb3 e5 22. dxe5 f4 23. Bd3+ Bf5 24. Kd2 Bxe5 25. Rhe1 Bd6 26. b4 Bxd3 27.
Kxd3 Rf7 28. Ra5 d4 29. Kxd4 Rc8 30. Re6 Bf8 31. Rd5 a6 32. Re4 b5 33. Kd3 Rc6
34. Rxf4 Rxf4 35. Bxf4 Kg6 36. Rg5+ Kf6 37. Rxh5 Rc4 38. Be3 Kg6 39. Rg5+ Kh7
40. Bd4 Rc6 41. Rf5 Bh6 42. Rf6 Rxf6 43. Bxf6 Kg6 44. Be7 Kf5 45. b3 Bg7 46.
Bg5 Bf8 47. Bd2 Bg7 48. h5 Bf6 49. h6 Kg6 50. Ke4 Bd8 51. Kd5 a5 52. bxa5 Bxa5
53. Kc5 1-0

[Event "Druga Liga Centralne Srbije - Istok"]
[Site "?"]
[Date "2010.09.12"]
[Round "1"]
[White "Zivkovic, Marko"]
[Black "Jovanovic, Boban"]
[Result "1-0"]
[WhiteElo "2103"]
[BlackElo "2201"]
[PlyCount "43"]
[EventDate "2010.10.01"]
[SourceDate "2010.10.01"]

1. d4 f5 2. Nc3 Nf6 3. Bg5 e6 4. e4 fxe4 5. f3 exf3 6. Nxf3 Be7 7. Qd2 b6 8.
O-O-O Bb7 9. h4 Na6 10. Bb5 c6 11. Bxa6 Bxa6 12. Rhe1 Nd5 13. Nxd5 cxd5 14. Qf4
Rf8 15. Qg4 Bxg5+ 16. Nxg5 Qc8 17. Nxh7 Rf7 18. Qg6 Ke7 19. Ng5 Rf2 20. Qxg7+
Kd8 21. Nf7+ Ke7 22. Nd6+ 1-0

[Event "Druga Liga Centralne Srbije - Istok"]
[Site "?"]
[Date "2010.09.12"]
[Round "1"]
[White "Petrovic, Grade"]
[Black "Stojkovic, Zoran"]
[Result "1-0"]
[WhiteElo "2123"]
[BlackElo "2079"]
[PlyCount "144"]
[EventDate "2010.10.01"]
[SourceDate "2010.10.01"]

1. d4 d6 2. Nf3 Nf6 3. c4 Nbd7 4. Nc3 e5 5. g3 c6 6. Bg2 Be7 7. O-O O-O 8. d5
Qa5 9. dxc6 bxc6 10. Nd2 Bb7 11. a3 Rac8 12. b4 Qb6 13. Nb3 Qc7 14. Be3 Ba6 15.
Na5 Nb8 16. Qa4 Ng4 17. Bd2 Qb6 18. h3 Nf6 19. Be3 Qc7 20. Rac1 Qd7 21. b5 cxb5
22. cxb5 Rxc3 23. Rxc3 Bxb5 24. Qc2 Bd8 25. Nb7 Be7 26. Rc7 Qe6 27. Rb1 a6 28.
a4 Bd7 29. Ba7 d5 30. Bxb8 Rxb8 31. Nc5 Rxb1+ 32. Qxb1 Bxc5 33. Rxc5 Bxa4 34.
Qb8+ Be8 35. Bxd5 Qxh3 36. Bg2 Qe6 37. Rxe5 Qd7 38. Bf3 g6 39. Qb6 Kg7 40. Qxa6
Qd4 41. Qa5 Bd7 42. Re7 Bh3 43. Qe1 h5 44. e3 Qc5 45. Rb7 h4 46. Kh2 Bc8 47.
Rb2 Qf5 48. Qd1 hxg3+ 49. fxg3 Qh3+ 50. Kg1 Qxg3+ 51. Rg2 Qe5 52. Qd4 Qa5 53.
Rf2 Qg5+ 54. Bg2 Bf5 55. Qf4 Qxf4 56. Rxf4 Kh6 57. Bf3 Kg5 58. Ra4 Bg4 59. Bc6
Nh5 60. e4 Ng3 61. Kf2 Ne2 62. Ke3 f5 63. Ra5 Ng3 64. e5 f4+ 65. Kf2 Be6 66.
Bg2 Bg4 67. Bd5 Nh5 68. Ra3 f3 69. Ra7 Nf4 70. Bc4 Kf5 71. Ke3 Nh3 72. e6 g5 
{necitko, jos nekoliko poteza} 1-0

[Event "Druga Liga Centralne Srbije - Istok"]
[Site "?"]
[Date "2010.09.12"]
[Round "1"]
[White "Velickovic, Dusan"]
[Black "Lepojevic, Nebojsa"]
[Result "1-0"]
[WhiteElo "1970"]
[BlackElo "2063"]
[PlyCount "61"]
[EventDate "2010.10.01"]
[SourceDate "2010.10.01"]

1. d4 Nf6 2. c3 d5 3. Bg5 e6 4. e3 Be7 5. Bd3 c5 6. f4 Qb6 7. b3 Nc6 8. Nf3 O-O
9. O-O a5 10. a4 Bd7 11. Ne5 Qc7 12. Na3 b6 13. Nb5 Qd8 14. Qf3 Ne8 15. Bxe7
Qxe7 16. Nxd7 Qxd7 17. dxc5 bxc5 18. e4 Na7 19. exd5 exd5 20. Rad1 Nf6 21. Rfe1
Rad8 22. h3 Nxb5 23. Bxb5 Qa7 24. c4 dxc4 25. Bxc4 Qb6 26. Rxd8 Rxd8 27. Re7
Rf8 28. Rxf7 Nd7 29. Rf6+ Kh8 30. Rxb6 Nxb6 31. Qc6 1-0

[Event "Druga Liga Centralne Srbije - Istok"]
[Site "?"]
[Date "2010.09.12"]
[Round "1"]
[White "Garic, Radomir"]
[Black "Panic, Milan"]
[Result "1/2-1/2"]
[WhiteElo "2267"]
[BlackElo "2249"]
[PlyCount "82"]
[EventDate "2010.10.01"]
[SourceDate "2010.10.01"]

1. e4 e5 2. Nf3 Nc6 3. Nc3 Nf6 4. Bb5 Bd6 5. d3 a6 6. Bc4 h6 7. a3 b5 8. Ba2
Bb7 9. h3 Bc5 10. O-O d6 11. Nd5 Nd4 12. Ne3 Bc8 13. c3 Nxf3+ 14. Qxf3 Bxe3 15.
Bxe3 Be6 16. Bxe6 fxe6 17. a4 O-O 18. Qd1 Qd7 19. Qb3 Rfb8 20. axb5 axb5 21.
Ra2 Rxa2 22. Qxa2 b4 23. Ra1 bxc3 24. bxc3 Kf7 25. Kh2 Qb5 26. c4 Qb3 27. Qa5
Rb7 28. c5 dxc5 29. Ra3 Qb4 30. Qxc5 Qxc5 31. Bxc5 Rb1 32. Be3 Rd1 33. Rc3 Kg6
34. Kg3 Ne8 35. Kf3 Kf6 36. Ke2 Rb1 37. h4 Ke7 38. Rc5 Rb2+ 39. Bd2 Kd6 40. Ra5
Nf6 41. f3 Nd7 1/2-1/2

[Event "Druga Liga Centralne Srbije - Istok"]
[Site "?"]
[Date "2010.09.12"]
[Round "1"]
[White "Kalcic, Krsta"]
[Black "Lazic, Milan"]
[Result "1-0"]
[WhiteElo "2215"]
[BlackElo "2101"]
[PlyCount "85"]
[EventDate "2010.10.01"]
[SourceDate "2010.10.01"]

1. e4 d6 2. d4 Nf6 3. Nc3 e5 4. dxe5 dxe5 5. Qxd8+ Kxd8 6. Bg5 Bd6 7. O-O-O Be6
8. Nf3 Nbd7 9. Bb5 h6 10. Bxd7 Bxd7 11. Bxf6+ gxf6 12. Nd5 Be7 13. Rd2 c6 14.
Nxf6 Bxf6 15. Rhd1 Ke8 16. Rxd7 Rb8 17. a4 Rg8 18. Ne1 Rd8 19. Rxd8+ Bxd8 20.
g3 Bb6 21. Nd3 f6 22. c3 a5 23. Kc2 Ke7 24. Rf1 h5 25. f4 exf4 26. Rxf4 Rg4 27.
e5 Rxf4 28. Nxf4 fxe5 29. Nxh5 Bg1 30. h3 Kf7 31. Kd3 Kg6 32. g4 Bb6 33. Ke4
Bc7 34. Ng3 Kg5 35. Nf5 Kf6 36. h4 Kg6 37. c4 Kf6 38. c5 Ke6 39. h5 Bd8 40. h6
Bf6 41. h7 Kf7 42. Nd6+ Kg7 43. Ne8+ 1-0

[Event "Druga Liga Centralne Srbije - Istok"]
[Site "?"]
[Date "2010.09.11"]
[Round "1"]
[White "Paunovic, Tomislav"]
[Black "Markovic, Marko"]
[Result "1/2-1/2"]
[WhiteElo "2350"]
[BlackElo "2326"]
[PlyCount "48"]
[EventDate "2010.10.01"]
[SourceDate "2010.10.01"]

1. d4 d6 2. c4 e5 3. d5 f5 4. Nc3 Nf6 5. g3 Be7 6. Bg2 O-O 7. Nf3 a5 8. a3 Na6
9. Rb1 Nc5 10. b4 Nfe4 11. Bb2 Nxc3 12. Bxc3 Ne4 13. Qb3 axb4 14. axb4 f4 15.
O-O Bf5 16. Ra1 fxg3 17. hxg3 Qd7 18. Rxa8 Rxa8 19. Ra1 Rxa1+ 20. Bxa1 h6 21.
Qa2 Kh7 22. Qa8 Bf6 23. Bb2 c6 24. dxc6 Qxc6 1/2-1/2

[Event "Druga Liga Centralne Srbije - Istok"]
[Site "?"]
[Date "2010.09.11"]
[Round "1"]
[White "Petkovic, Dragoslav"]
[Black "Manic, Jovica"]
[Result "1/2-1/2"]
[WhiteElo "2195"]
[BlackElo "2244"]
[PlyCount "65"]
[EventDate "2010.10.01"]
[SourceDate "2010.10.01"]

1. e4 g6 2. d4 c6 3. Nf3 d5 4. e5 Bg4 5. h3 Bxf3 6. Qxf3 Qb6 7. c3 e6 8. Bd3
Nd7 9. O-O h5 10. b3 Ne7 11. Ba3 c5 12. dxc5 Nxc5 13. Bc2 Nc6 14. Re1 Nd7 15.
Bc1 Bg7 16. Bf4 Ndxe5 17. Qg3 h4 18. Qh2 Rh5 19. a4 d4 20. Na3 Rd8 21. cxd4
Qxd4 22. Nb5 Qc5 23. Rac1 Qe7 24. Nxa7 Nd4 25. Bxe5 Nxc2 26. Bd6 Qxd6 27. Qxd6
Rxd6 28. Rxc2 Rd7 29. Kf1 Rhd5 30. Rc8+ Ke7 31. Rc4 Bd4 32. Nb5 Bf6 33. Na7
1/2-1/2

[Event "Druga Liga Centralne Srbije - Istok"]
[Site "?"]
[Date "2010.09.11"]
[Round "1"]
[White "Todorovic, Bojan"]
[Black "Krstic, Ranko"]
[Result "1/2-1/2"]
[WhiteElo "2314"]
[BlackElo "2190"]
[PlyCount "94"]
[EventDate "2010.10.01"]
[SourceDate "2010.10.01"]

1. d4 d6 2. e4 g6 3. c4 Bg7 4. Nc3 Nc6 5. Nge2 e5 6. Be3 Nf6 7. f3 O-O 8. Qd2
a6 9. d5 Na5 10. Nc1 c5 11. dxc6 Nxc6 12. Nb3 Be6 13. O-O-O Ne8 14. Kb1 Rc8 15.
Nd5 Bxd5 16. Qxd5 Qc7 17. Qd2 b6 18. h4 a5 19. h5 a4 20. Nc1 Na5 21. hxg6 fxg6
22. Bd3 Nxc4 23. Bxc4+ Qxc4 24. Qd5+ Qxd5 25. Rxd5 Rc6 26. Rb5 Nc7 27. Rxb6
Rxb6 28. Bxb6 Ne6 29. Ne2 Rb8 30. Be3 Nf4 31. Nc3 Nxg2 32. Bg5 Rb4 33. Nd5 Rb7
34. Ne7+ Kf7 35. Rxh7 Ne1 36. Nc8 Kg8 37. Rh1 Nxf3 38. Be3 d5 39. exd5 e4 40.
Nb6 a3 41. b3 Bf8 42. Rc1 Bh6 43. Bxh6 Rxb6 44. Rc6 Rb5 45. Rxg6+ Kh7 46. Re6
Rxd5 47. Bc1 Rd1 1/2-1/2

[Event "Druga Liga Centralne Srbije - Istok"]
[Site "?"]
[Date "2010.09.11"]
[Round "1"]
[White "Susulic, Zivan"]
[Black "Nikolic, Boban"]
[Result "1/2-1/2"]
[WhiteElo "2107"]
[BlackElo "2236"]
[PlyCount "33"]
[EventDate "2010.10.01"]
[SourceDate "2010.10.01"]

1. e4 d6 2. d4 Nf6 3. Nc3 g6 4. Bg5 Bg7 5. e5 dxe5 6. dxe5 Ng4 7. Qxd8+ Kxd8 8.
Rd1+ Bd7 9. Nd5 Nc6 10. Bb5 Ngxe5 11. f4 h6 12. Bh4 g5 13. fxg5 hxg5 14. Bxg5
f6 15. Bf4 e6 16. Nc3 Ke7 17. Nf3 1/2-1/2

[Event "Druga Liga Centralne Srbije - Istok"]
[Site "?"]
[Date "2010.09.11"]
[Round "1"]
[White "Nikolic, Vojislav B"]
[Black "Pejcic, Milutin"]
[Result "1/2-1/2"]
[WhiteElo "1933"]
[BlackElo "2172"]
[PlyCount "92"]
[EventDate "2010.10.01"]
[SourceDate "2010.10.01"]

1. e4 c5 2. Nf3 e6 3. d4 cxd4 4. Nxd4 Nc6 5. a3 a6 6. Nc3 Qc7 7. Be2 Nf6 8. O-O
Nxd4 9. Qxd4 Bd6 10. h3 b5 11. Bg5 Be5 12. Qe3 Bb7 13. Bf3 Rc8 14. Rfd1 h6 15.
Bxf6 Bxf6 16. Rd3 O-O 17. Rad1 Bc6 18. g3 Rfe8 19. Bg2 d5 20. exd5 exd5 21. Qd2
d4 22. Ne2 Bxg2 23. Kxg2 Qc6+ 24. Kg1 Qxc2 25. Nxd4 Qxd2 26. R3xd2 Red8 27. Nf5
Rxd2 28. Rxd2 Rc1+ 29. Kg2 Rb1 30. b4 Rb3 31. Ra2 Rb2 32. Rxb2 Bxb2 33. Ne3
Bxa3 34. Nd5 f5 35. Kf3 Kf7 36. g4 fxg4+ 37. hxg4 g6 38. Ke4 h5 39. gxh5 gxh5
40. Kf5 Bc1 41. Nc7 Ke7 42. Nxa6 Kd6 43. Nc5 Kd5 44. Na6 Kc4 45. Nc7 Kxb4 46.
Nxb5 Kxb5 1/2-1/2

[Event "Druga Liga Centralne Srbije - Istok"]
[Site "?"]
[Date "2010.09.12"]
[Round "1"]
[White "Devetak, Dusan"]
[Black "Tosic, Nebojsa"]
[Result "0-1"]
[WhiteElo "2230"]
[BlackElo "2208"]
[PlyCount "127"]
[EventDate "2010.10.01"]
[SourceDate "2010.10.01"]

1. e4 c5 2. c3 e6 3. d4 b6 4. Nf3 Bb7 5. Bd3 Nf6 6. Qe2 d6 7. O-O a6 8. Bg5 Be7
9. Nbd2 O-O 10. Rad1 Nbd7 11. e5 dxe5 12. dxe5 Nh5 13. Bxe7 Qxe7 14. Qe3 f5 15.
exf6 Ndxf6 16. Rfe1 Rae8 17. Qe5 g6 18. h3 Nd7 19. Qg5 Qf7 20. Be4 Bc8 21. Nc4
Re7 22. Nd6 Qg7 23. Nxc8 Rxc8 24. Bb7 Rf8 25. Bxa6 Nf4 26. Qg3 e5 27. Ng5 Nf6
28. Bc4+ Kh8 29. Rd6 N6h5 30. Qe3 h6 31. Ne6 Nxe6 32. Rxe6 Rxe6 33. Bxe6 Nf4
34. Bc4 Rf5 35. Kh2 Rg5 36. g3 Qb7 37. Bf1 Nd5 38. Qd2 Nf6 39. Bg2 Qf7 40. b3
Kg7 41. Qd6 e4 42. Kg1 Rd5 43. Qf4 g5 44. Qc1 Re5 45. c4 Qa7 46. Qb2 Re6 47.
Rxe4 Rd6 48. Re2 Rd4 49. Qc3 Qd7 50. Qe3 Kg6 51. Qe5 h5 52. Be4+ Kf7 53. Bf5
Rd1+ 54. Kh2 Qb7 55. Qe6+ Kg7 56. Qe7+ Qxe7 57. Rxe7+ Kf8 58. Re6 Kf7 59. Rxb6
Rd2 60. Kg2 Rxa2 61. Rb7+ Kf8 62. Kf3 Ne8 63. Bg6 Ng7 64. Ke3 0-1

[Event "Druga Liga Centralne Srbije - Istok"]
[Site "?"]
[Date "2010.09.12"]
[Round "1"]
[White "Bura, Goran"]
[Black "Trailovic, Mile"]
[Result "0-1"]
[WhiteElo "2179"]
[BlackElo "2153"]
[PlyCount "102"]
[EventDate "2010.10.01"]
[SourceDate "2010.10.01"]

1. e4 c5 2. Nf3 e6 3. d4 cxd4 4. Nxd4 a6 5. Nc3 Bc5 6. Nb3 Ba7 7. Bd3 Nc6 8.
Qe2 Qc7 9. Qg4 g6 10. Bf4 d6 11. Qe2 Ne5 12. O-O-O Bd7 13. Be3 b5 14. Bxa7 Rxa7
15. f4 b4 16. Nb1 Nxd3+ 17. Qxd3 e5 18. Qxd6 Qxd6 19. Rxd6 exf4 20. Rhd1 Ke7
21. Nc5 Bb5 22. b3 Nf6 23. c4 bxc3 24. Nxc3 Rc8 25. b4 Bc6 26. R6d4 g5 27. Kb2
Ng4 28. Nd5+ Kf8 29. h4 h6 30. Kb3 Kg7 31. R1d2 Kg6 32. Nb6 Rcc7 33. Rd6+ Kh5
34. hxg5 hxg5 35. Nd5 Rc8 36. Nf6+ Nxf6 37. Rxf6 Re7 38. Rd4 Kg4 39. a4 Kg3 40.
Rf5 Rg8 41. Rf6 Rg6 42. Rxg6 fxg6 43. Rd2 Bxe4 44. Nxe4+ Rxe4 45. Rd5 g4 46.
Rg5 Re6 47. Kc4 Kh4 48. Rd5 f3 49. gxf3 gxf3 50. Rd1 f2 51. Rf1 Kg3 0-1

[Event "Druga Liga Centralne Srbije - Istok"]
[Site "?"]
[Date "2010.09.12"]
[Round "1"]
[White "Dodic, Dragan"]
[Black "Rajkovic, Aleksandar"]
[Result "0-1"]
[WhiteElo "2147"]
[BlackElo "2151"]
[PlyCount "66"]
[EventDate "2010.10.01"]
[SourceDate "2010.10.01"]

1. d4 d5 2. c4 dxc4 3. e4 Nf6 4. e5 Nd5 5. Bxc4 e6 6. Nc3 Nb6 7. Bd3 Nc6 8. Nf3
Nb4 9. Bb1 Bd7 10. a3 N4d5 11. O-O Bc6 12. Ng5 g6 13. Nce4 Qe7 14. Nc5 Bg7 15.
Qg4 Nd7 16. Ncxe6 fxe6 17. Nxe6 N7b6 18. Bxg6+ hxg6 19. Qxg6+ Kd7 20. Nxg7 Rag8
21. Qf5+ Kd8 22. Ne6+ Ke8 23. Bg5 Qf7 24. Nxc7+ Nxc7 25. Qxf7+ Kxf7 26. f4 Ne6
27. g3 Nxd4 28. h4 Nf3+ 29. Kf2 Nxg5 30. hxg5 Rh2+ 31. Ke3 Rd8 32. Rf2 Nc4+ 33.
Ke2 Rd2+ 0-1

[Event "Druga Liga Centralne Srbije - Istok"]
[Site "?"]
[Date "2010.09.12"]
[Round "1"]
[White "Mickovic, Slavisa"]
[Black "Vlajic, Sasa"]
[Result "0-1"]
[WhiteElo "2105"]
[BlackElo "2196"]
[PlyCount "64"]
[EventDate "2010.10.01"]
[SourceDate "2010.10.01"]

1. d4 Nf6 2. c4 c5 3. dxc5 Na6 4. a3 Nxc5 5. b4 Ne6 6. Nc3 g6 7. Bb2 Bg7 8. e3
O-O 9. Nf3 b6 10. Be2 Bb7 11. O-O Rc8 12. Rb1 d6 13. Nb5 a6 14. Nbd4 Nxd4 15.
Bxd4 Qc7 16. Rc1 Rfd8 17. Qb3 e5 18. Bb2 Ne4 19. Rfd1 Qe7 20. Nd2 Ng5 21. h4
Ne6 22. g3 h6 23. Nb1 Bf6 24. Nc3 Nd4 25. exd4 exd4 26. Bd3 dxc3 27. Bxc3 Bxh4
28. Bb2 Bxg3 29. Bxg6 Bxf2+ 30. Kxf2 fxg6 31. Qg3 Rf8+ 32. Kg1 Qe4 0-1

[Event "Druga Liga Centralne Srbije - Istok"]
[Site "?"]
[Date "2010.09.12"]
[Round "1"]
[White "Tosic, Branislav"]
[Black "Njegic, Vladimir"]
[Result "1-0"]
[WhiteElo "2218"]
[BlackElo "2131"]
[PlyCount "69"]
[EventDate "2010.10.01"]
[SourceDate "2010.10.01"]

1. c4 c5 2. Nc3 Nc6 3. Nf3 Nf6 4. g3 g6 5. Bg2 Bg7 6. O-O O-O 7. a3 a6 8. d4
cxd4 9. Nxd4 Qc7 10. c5 Qe5 11. Nb3 Qh5 12. e4 d6 13. Qxh5 Nxh5 14. cxd6 exd6
15. Be3 Be6 16. Nd2 Ne5 17. Bd4 Rfd8 18. Rfd1 Rac8 19. Bf1 Bg4 20. Rdb1 b5 21.
h3 Be6 22. Rd1 g5 23. Kg2 g4 24. hxg4 Bxg4 25. f3 Be6 26. Be2 f5 27. Rac1 f4
28. g4 Ng3 29. Bb6 Re8 30. Kf2 Rc6 31. Ba5 Rec8 32. Bf1 Nxf1 33. Kxf1 Nd3 34.
Rb1 Nxb2 35. Nd5 1-0

[Event "Druga Liga Centralne Srbije - Istok"]
[Site "?"]
[Date "2010.09.12"]
[Round "1"]
[White "Nesic, Nebojsa"]
[Black "Dmitrovic, Tomislav"]
[Result "0-1"]
[WhiteElo "2138"]
[BlackElo "2290"]
[PlyCount "83"]
[EventDate "2010.10.01"]
[SourceDate "2010.10.02"]

1. d4 d5 2. c4 c6 3. Nf3 Nf6 4. Nc3 dxc4 5. e4 b5 6. e5 Nd5 7. a4 Qa5 8. Bd2 b4
9. Na2 c3 10. bxc3 bxc3 11. Nxc3 Nxc3 12. Qc2 e6 13. Bxc3 Bb4 14. Bxb4 Qxb4+
15. Qd2 Qxd2+ 16. Nxd2 Ke7 17. Ne4 Rd8 18. Nd6 Ba6 19. Rc1 Bxf1 20. Rxf1 Rxd6
21. exd6+ Kxd6 22. a5 Na6 23. Rb1 Kc7 24. Ke2 Rd8 25. Ke3 Rd5 26. Ra1 Nb4 27.
Rfc1 Rb5 28. Kd2 Rf5 29. f3 Na6 30. Rc4 Rd5 31. Ke3 Rb5 32. Rac1 Nb8 33. Rc5
Rb3+ 34. R1c3 Rb2 35. Rc2 Rb3+ 36. Ke2 Rb4 37. d5 exd5 38. Rxd5 Nd7 39. g4 Rb1
40. Rd1 Rb5 41. Rdc1 c5 42. Ra1 {necitko} 0-1

[Event "Druga Liga Centralne Srbije - Istok"]
[Site "?"]
[Date "2010.09.12"]
[Round "1"]
[White "Komnenic, Branko"]
[Black "Zafirovski, Mite"]
[Result "1-0"]
[WhiteElo "2319"]
[BlackElo "2240"]
[PlyCount "99"]
[EventDate "2010.10.01"]
[SourceDate "2010.10.02"]

1. d4 Nf6 2. c4 e6 3. g3 d5 4. Bg2 Be7 5. Nf3 O-O 6. O-O dxc4 7. Qc2 a6 8. a4
Bd7 9. Qxc4 Bc6 10. Nc3 b5 11. Qd3 b4 12. Nb1 Be4 13. Qe3 c5 14. Nbd2 cxd4 15.
Nxd4 Bxg2 16. Kxg2 Bc5 17. N2b3 Qd5+ 18. Qf3 Bxd4 19. Qxd5 Nxd5 20. Nxd4 Rc8
21. e4 Nf6 22. f3 Nc6 23. Nxc6 Rxc6 24. Be3 Rac8 25. Rad1 h6 26. Rf2 R8c7 27.
Rfd2 a5 28. Kf2 e5 29. Ke2 b3 30. Rd8+ Kh7 31. R1d2 Rc1 32. Bb6 Rb7 33. Bxa5
Rc4 34. Ke3 Rxa4 35. Bc3 Rb5 36. Rf8 Rc4 37. Rd3 Rc7 38. g4 Kg6 39. h4 Kh7 40.
h5 g6 41. hxg6+ Kxg6 42. Kd2 h5 43. gxh5+ Kxh5 44. Rd6 Kg6 45. Rg8+ Kh7 46. Rg5
Rd7 47. Rd3 Re7 48. Ke3 Kh6 49. Rg1 Rc7 50. Rd6 1-0

[Event "Druga Liga Centralne Srbije - Istok"]
[Site "?"]
[Date "2010.09.12"]
[Round "1"]
[White "Turudic, Nenad"]
[Black "Stefanovic, Vladimir"]
[Result "1-0"]
[WhiteElo "2202"]
[BlackElo "2156"]
[PlyCount "77"]
[EventDate "2010.10.01"]
[SourceDate "2010.10.02"]

1. e4 c5 2. Nf3 Nc6 3. d4 cxd4 4. Nxd4 g6 5. Nc3 Bg7 6. Be3 Nf6 7. Bc4 O-O 8.
Bb3 d6 9. h3 Na5 10. Qd2 Nxb3 11. axb3 Re8 12. Ndb5 Bd7 13. Nxa7 Qc7 14. O-O
Nxe4 15. Nxe4 b6 16. Ra6 Qb7 17. Rxb6 Qxe4 18. Nb5 Bxb5 19. Rxb5 Ra2 20. Rb4
Qc6 21. c3 Rc8 22. Rd1 Qa6 23. Bd4 Bxd4 24. Rxd4 Rb8 25. b4 Qb5 26. Rh4 Qe5 27.
Re1 Rxb2 28. Rxe5 Rxd2 29. Rxe7 Rc8 30. Rf4 f5 31. c4 Rc2 32. b5 Rd2 33. Rd7
Ra8 34. c5 Rd5 35. c6 Rxb5 36. c7 Re5 37. Rd8+ Re8 38. Rxa8 Rxa8 39. Rb4 1-0

[Event "Druga Liga Centralne Srbije - Istok"]
[Site "?"]
[Date "2010.09.12"]
[Round "1"]
[White "Djordjevic, Zoran V"]
[Black "Maksimovic, Boban"]
[Result "0-1"]
[WhiteElo "2055"]
[BlackElo "2220"]
[PlyCount "64"]
[EventDate "2010.10.01"]
[SourceDate "2010.10.02"]

1. d4 Nf6 2. c4 e6 3. Nc3 d5 4. Bg5 Be7 5. e3 O-O 6. cxd5 exd5 7. Bd3 c6 8. Qc2
Nbd7 9. Nge2 Re8 10. O-O Nf8 11. h3 Nh5 12. Bxe7 Qxe7 13. Rab1 Ng6 14. b4 Kh8
15. Kh1 Nh4 16. Ng1 Qd6 17. Nce2 b6 18. b5 c5 19. dxc5 bxc5 20. Rbd1 Qb6 21.
Nc3 d4 22. exd4 cxd4 23. Nd5 Qd8 24. Bc4 Bf5 25. Qb3 Be4 26. Nf3 d3 27. Nxh4
Qxh4 28. Kh2 Rad8 29. Nc3 Bxg2 30. Kxg2 Nf4+ 31. Kf3 Qxh3+ 32. Kxf4 Rd4+ 0-1